[Event "La Fere op 5th"]
[Site "La Fere"]
[Date "2006.07.10"]
[Round "4"]
[White "Lonnoy, Simon"]
[Black "Leroy, Christophe"]
[Result "1-0"]
[WhiteElo "1640"]
[BlackElo "2167"]
[PlyCount "39"]
[EventDate "2006.07.08"]
[EventType "swiss"]
[EventRounds "9"]
[EventCountry "FRA"]
[SourceTitle "CBM 113 Extra"]
[Source "ChessBase"]
[SourceDate "2006.09.14"]
[SourceVersion "1"]
[SourceVersionDate "2006.09.14"]
[SourceQuality "1"]

1. e4 d6 2. Nf3 Nf6 3. Nc3 g6 4. d4 Bg7 5. Bc4 0-0 6. 0-0 c5 7. dxc5 dxc5 8. Qe2 Qc7 9. g3 e6 10. Bf4 Qe7 11. Rad1 Nc6 12. Bd6 Qe8 13. Bxf8 Qxf8 14. Rd2 b6 15. Rfd1 Bb7 16. Nb5 Na5 17. Nd6 Nxc4 18. Qxc4 Bc6 19. Ng5 Be8 20. Qa6 1-0